| 000 | 00683cam a22002291 4500 | ||
|---|---|---|---|
| 001 | ne 65002405 | ||
| 003 | DLC | ||
| 005 | 20260227111818.0 | ||
| 008 | 840116s1965 ua b 000 0 arar | ||
| 010 | _ane 65002405 | ||
| 035 | _a(OCoLC)10306102 | ||
| 040 |
_aDLC _cTxU _dTxU _dDLC |
||
| 042 | _apremarc | ||
| 050 | 0 | 0 |
_aQL754 _b.H3 |
| 100 | 1 | _aḤannā, Murīd Yannī. | |
| 245 | 1 | 0 |
_aRiḥlāt al-ḥayawān wa-al-ṭuyūr _c[taʼlīf] Murīd Yannī Ḥannā. |
| 260 |
_a[al-Qāhirah] _bDār al-Qalam _c[1965] |
||
| 300 |
_a97, [14] p. _billus., map. _c17 cm. |
||
| 490 | 0 |
_aal-Maktabah al-Thaqāfīyah, _v131 |
|
| 504 | _aBibliography: p. [104] | ||
| 650 | 0 | _aAnimal migration. | |
| 999 |
_c48515 _d48515 |
||